000 00657nam a2200253Ia 4500
003 OSt
005 20221006143407.0
006 a|||||r|||| 00| 0
007 ta
008 221006b |||||||| |||| 00| 0 eng d
020 _c1595.00
024 _a8,843
037 _cTextual
040 _aEASL
_cEASL
_beng
041 _2eng
_aeng
082 _aX.40j17.N91, N2
100 _aGeorge Robert Lloyd
_9491683
245 0 _aEast-West pendulum
260 _aNew York
_bWoodhead-Faulkner
_c1992
300 _a142p.
_ccm.
490 _v Oth
942 _hX.40j17.N91, N2
_cTEXL
_2CC
999 _c1076929
_d1076929